| 000 | 003530000a22001570004500 | ||
|---|---|---|---|
| 001 | 001256 | ||
| 003 | MACL | ||
| 040 | _aMACL | ||
| 090 |
_c1256 _d1256 |
||
| 100 | _aKumar, Dilip | ||
| 245 |
_aContemporary Tamil Short Fiction _cDilip Kumar |
||
| 260 | _aManas East West Books (Madras) P Ltd. | ||
| 350 | _a295 | ||
| 650 | _a Fiction | ||
| 942 |
_k823 _cBook |
||
| 999 |
_c1251 _d1251 |
||